000 00600nam a2200229Ia 4500
005 20260430150725.0
008 008 250103s9999 xx 000 0 eng d
037 _aTheses
040 _aCRL
040 _beng
040 _ceng
041 _2eng
041 _aeng
084 _qCRL
100 _aSamiuddin Au.; Imtiyaz Ahmad Gu.
_91238306
245 0 _aQazi Abdus Sattar ke novelon ka tajziyati mutala (Tehzeebi pas manzar mein)
260 _c2024
300 _a325p.
700 _aUniversity of Delhi. Faculty of Arts. Department of Urdu
942 _cTH
999 _c1850476
_d1850476